00521nam a2200169Ia 4500003000900000008004100009020001800050040001600068080002700084100002500111245011200136260004500248300001000293650001100303650001800314700001900332IN-BaIIA211028s9999 xx 000 0 eng d a0-19-563579-5 cIIA Library a(031):791.43(540)bRAJ aRajadhyaksha, Ashish 0aEncyclopaedia of Indian cinemacAshish Rajadhyaksha and Paul Willemen  aNew DelhibOxford University Pressc1995 a568p. aCinema aIndian Cinema aWillemen, Paul